Normal view
MARC view
- MEHREEN, SADAF, RIDHA
Entry Personal Name
001 - CONTROL NUMBER
- control field: 71431
003 - CONTROL NUMBER IDENTIFIER
- control field: NUST
005 - DATE AND TIME OF LATEST TRANSACTION
- control field: 20210628204633.0
008 - FIXED-LENGTH DATA ELEMENTS
- fixed length control field: 210628|| aca||aabn | a|a d
040 ## - CATALOGING SOURCE
- Original cataloging agency: NUST
- Transcribing agency: NUST
100 ## - HEADING--PERSONAL NAME
- Personal name: MEHREEN, SADAF, RIDHA
670 ## - SOURCE DATA FOUND
- Source citation: Work cat.: (NUST): MEHREEN, SADAF, RIDHA, PR-SOF-1320-DEVELOPMENT AND SIMULATIION ENVIRNMENT FOR AUTONOMOUS VEHICLES, 2013
